| 000 | 00669nam a22001937a 4500 | ||
|---|---|---|---|
| 999 |
_c188199 _d188199 |
||
| 005 | 20220512124202.0 | ||
| 010 | _aUR-11554 | ||
| 020 |
_c250.00 _a- |
||
| 035 | _aU-10109 | ||
| 037 |
_bDBAD/PUB _a- |
||
| 082 |
_aک _2Ist |
||
| 100 | _aسا و تر ی گو سو ا می | ||
| 245 |
_aجلتے بجھتے چر ا غ _cسا و تر ی گو سو ا می _hا ر د و |
||
| 246 |
_bJalte Bujhte Chiragh (Urdu) _aby Savitri Goswami |
||
| 260 |
_aPune _bAsbaque Publications _c2022 ء |
||
| 270 |
_aSaira Manzil, 230/B/102,Viman Darshan, Sanjay Park,Lohbaon Road, _bPune _e411032 _k9822516338 _l- |
||
| 300 |
_a144 ص _c22 Cm(Hb) |
||
| 942 |
_2ddc _cUR _hک _mگ و س |
||